[Event "39th Olympiad Women"]
[Site "Khanty-Mansiysk RUS"]
[Date "2010.09.28"]
[Round "7"]
[White "Sedina, Elena"]
[Black "Repkova, Eva"]
[Result "0-1"]
[WhiteTitle "IM"]
[BlackTitle "IM"]
[WhiteElo "2342"]
[BlackElo "2447"]
[Board "13.1"]
[WhiteTeam "ITA"]
[BlackTeam "SVK"]
[WhiteFideId "812153"]
[BlackFideId "14900440"]
[EventDate "2010.09.21"]
[EventType "team"]

1. e4 d5 2. exd5 Qxd5 3. Nc3 Qa5 4. Nf3 Nf6 5. d4 c6 6. Bd2 Bf5 7. Ne4 Qb6 8.
Nxf6+ gxf6 9. Bc4 Qxb2 10. Bb3 Rg8 11. O-O e6 12. a4 Bg4 13. Re1 Nd7 14. Bf4 Qc3
15. Re3 Qa5 16. d5 cxd5 17. Bxd5 O-O-O 18. Bxb7+ Kxb7 19. Rb1+ Bb4 20. Qd6 Nc5
21. Qe7+ Rd7 22. Qxf6 Bxf3 23. Rxf3 Ka8 24. c3 Ne4 25. cxb4 Qh5 26. Qb2 Qxf3 27.
Bg3 Rd1+ 0-1

[Event "39th Olympiad Women"]
[Site "Khanty-Mansiysk RUS"]
[Date "2010.09.28"]
[Round "7"]
[White "Pokorna, Regina"]
[Black "Brunello, Marina"]
[Result "1-0"]
[WhiteTitle "WGM"]
[BlackTitle "WIM"]
[WhiteElo "2370"]
[BlackElo "2212"]
[Board "13.2"]
[WhiteTeam "SVK"]
[BlackTeam "ITA"]
[WhiteFideId "14902052"]
[BlackFideId "822590"]
[EventDate "2010.09.21"]
[EventType "team"]

1. e4 c5 2. Nf3 d6 3. d4 cxd4 4. Nxd4 Nf6 5. Nc3 a6 6. Bc4 e6 7. Bb3 Nc6 8. Be3
Be7 9. Qe2 Qc7 10. O-O-O b5 11. Rhg1 h5 12. h3 Na5 13. g4 b4 14. Na4 Nxe4 15.
gxh5 Nxb3+ 16. Nxb3 Bb7 17. Nb6 Rb8 18. Rxg7 Bc6 19. Nc4 Bb5 20. Qf3 Bxc4 21.
Qxe4 Bf6 22. h6 Rc8 23. Rd2 d5 24. Qg4 Bd3 25. Nc5 Bf5 26. Qxb4 a5 27. Qa4+ Qc6
28. Rg1 d4 29. Rxd4 Bxd4 30. Qxd4 Rf8 31. Rd1 f6 32. c3 e5 33. Qd6 Qxd6 34. Rxd6
Kf7 35. Ra6 Ra8 36. Rb6 Rfb8 37. Nb7 Kg6 38. c4 Bxh3 39. Nxa5 Rxb6 40. Bxb6 Kxh6
41. b4 Bf1 42. Kb2 Kg6 43. c5 Bb5 44. Kb3 Rh8 45. c6 Rh3+ 46. Be3 Kf7 47. a4 Be2
48. b5 Ke6 49. b6 Kd6 50. b7 Kc7 51. Kb4 Rh4+ 52. Kc3 Rh8 53. Ba7 f5 54. Kb4 Ba6
55. Kc5 Bxb7 56. cxb7 1-0

[Event "39th Olympiad Women"]
[Site "Khanty-Mansiysk RUS"]
[Date "2010.09.28"]
[Round "7"]
[White "De Rosa, Mariagrazia"]
[Black "Mrvova, Alena"]
[Result "0-1"]
[WhiteTitle "WFM"]
[BlackTitle "WIM"]
[WhiteElo "2073"]
[BlackElo "2253"]
[Board "13.3"]
[WhiteTeam "ITA"]
[BlackTeam "SVK"]
[WhiteFideId "815136"]
[BlackFideId "14902036"]
[EventDate "2010.09.21"]
[EventType "team"]

1. e4 c5 2. Nf3 e6 3. d4 cxd4 4. Nxd4 Nf6 5. Nc3 d6 6. Be2 Be7 7. O-O O-O 8. f4
Nc6 9. Be3 Bd7 10. Nb3 a6 11. a4 b6 12. Bf3 Qc7 13. Qd2 Rab8 14. Qf2 Nb4 15. g4
Bc6 16. g5 Nd7 17. Kh1 Nc5 18. Nd4 Ba8 19. Bg2 Rfe8 20. Rae1 Bf8 21. f5 g6 22.
Bc1 exf5 23. exf5 Qd7 24. b3 Rxe1 25. Rxe1 Bxg2+ 26. Kxg2 d5 27. Bf4 Re8 28.
Rxe8 Qxe8 29. Qf3 Ne4 30. Qe2 Bc5 31. Nf3 gxf5 32. Nh4 Qe6 33. Nd1 Nxg5 34. Qxe6
Nxe6 35. Be5 Nxc2 36. Nxf5 Ne1+ 37. Kg3 Nd3 38. Bf6 Kf8 39. Nc3 Nb4 40. Ne2 Ke8
41. h4 Kd7 42. Kf3 Nc2 43. h5 Bf8 44. h6 d4 45. Bg7 d3 46. Nc3 Nb4 47. Ne4 Nd5
48. Kf2 Bb4 49. Be5 f6 50. Bxf6 Nef4 51. Kf3 d2 52. Nf2 Nd3 0-1

[Event "39th Olympiad Women"]
[Site "Khanty-Mansiysk RUS"]
[Date "2010.09.28"]
[Round "7"]
[White "Dembo, Yelena"]
[Black "Mamedjarova, Zeinab"]
[Result "1/2-1/2"]
[WhiteTitle "IM"]
[BlackTitle "WGM"]
[WhiteElo "2452"]
[BlackElo "2234"]
[Board "14.1"]
[WhiteTeam "GRE"]
[BlackTeam "AZE"]
[WhiteFideId "723916"]
[BlackFideId "13401521"]
[EventDate "2010.09.21"]
[EventType "team"]

1. e4 e5 2. Nf3 Nf6 3. d4 Nxe4 4. Bd3 d5 5. dxe5 Nc5 6. Nc3 c6 7. Be2 Be7 8. O-O
O-O 9. Nd4 f6 10. exf6 Bxf6 11. Be3 Ne6 12. Nxe6 Bxe6 13. Bg4 Bxg4 14. Qxg4 Qd7
15. Qe2 Qf7 16. Rad1 Nd7 17. f4 Nb6 18. Bc5 Rfe8 19. Qf3 Bxc3 20. Qxc3 Na4 21.
Qa3 Nxc5 22. Qxc5 Re4 23. Qf2 a5 24. Rd2 Rf8 25. Rd4 Qe6 26. Rxe4 dxe4 27. b3 e3
28. Qf3 Re8 29. Re1 h6 30. g3 Re7 31. Re2 b5 32. Kg2 c5 33. h4 Kh7 34. h5 a4 35.
g4 c4 36. bxa4 bxa4 37. Kg3 c3 38. a3 Re8 39. Kh3 Kh8 40. Kg3 Qb6 41. Qd5 Qb1
42. Kg2 Qc1 43. Qc6 Rf8 44. Qd6 Re8 45. Qc6 Rf8 46. Qd6 Re8 47. Qc6 1/2-1/2

[Event "39th Olympiad Women"]
[Site "Khanty-Mansiysk RUS"]
[Date "2010.09.28"]
[Round "7"]
[White "Mamedjarova, Turkan"]
[Black "Botsari, Anna-Maria"]
[Result "1/2-1/2"]
[WhiteTitle "WGM"]
[BlackTitle "WGM"]
[WhiteElo "2301"]
[BlackElo "2302"]
[Board "14.2"]
[WhiteTeam "AZE"]
[BlackTeam "GRE"]
[WhiteFideId "13402005"]
[BlackFideId "4200446"]
[EventDate "2010.09.21"]
[EventType "team"]

1. e4 c5 2. c3 d5 3. exd5 Qxd5 4. Nf3 Nf6 5. d4 e6 6. Na3 Nc6 7. Nb5 Qd8 8. dxc5
Bxc5 9. Qxd8+ Kxd8 10. Bf4 Ne4 11. Be3 Bxe3 12. fxe3 Ke7 13. Bd3 Nc5 14. Bc2 Nd7 1/2-1/2

[Event "39th Olympiad Women"]
[Site "Khanty-Mansiysk RUS"]
[Date "2010.09.28"]
[Round "7"]
[White "Isgandarova, Khayala Ilqar qizi"]
[Black "Fakhiridou, Ekaterini"]
[Result "1/2-1/2"]
[WhiteTitle "WIM"]
[BlackTitle "WIM"]
[WhiteElo "2172"]
[BlackElo "2208"]
[Board "14.4"]
[WhiteTeam "AZE"]
[BlackTeam "GRE"]
[WhiteFideId "13401823"]
[BlackFideId "4202848"]
[EventDate "2010.09.21"]
[EventType "team"]

1. e4 c5 2. Nf3 d6 3. d4 cxd4 4. Nxd4 Nf6 5. Nc3 a6 6. Be2 e5 7. Nb3 Be7 8. O-O
O-O 9. Be3 Be6 10. f4 Qc7 11. f5 Bc4 12. g4 h6 13. h4 Nh7 14. Bxc4 Qxc4 15. Qe1
Nd7 16. Nd2 Qc6 17. Qg3 Bd8 18. g5 h5 19. Nd5 Kh8 20. Rf2 g6 21. Raf1 Qxc2 22.
Qh3 Qc6 23. Nb3 b6 24. Rc1 Nc5 25. Nxc5 dxc5 26. b4 c4 27. Qf1 Rc8 28. Kh2 Re8
29. a4 Qxa4 30. Bxb6 Qb5 31. Bxd8 Rexd8 32. fxg6 fxg6 33. Ne7 Qxb4 34. Nxg6+ Kg8
35. Rf7 Qb2+ 36. Kh1 Qxc1 37. Qxc1 Kxf7 38. Nxe5+ Ke6 39. Nxc4 Rd4 40. Qf4 Rcxc4
41. Qf5+ Kd6 42. e5+ Kc6 43. Qxh7 Rd2 44. Qg6+ Kc5 45. Qb1 Rxh4+ 1/2-1/2

[Event "39th Olympiad Women"]
[Site "Khanty-Mansiysk RUS"]
[Date "2010.09.28"]
[Round "7"]
[White "Salazar, Aura Cristina"]
[Black "Homiakova, Ekaterina"]
[Result "0-1"]
[WhiteTitle "WFM"]
[BlackTitle "WFM"]
[WhiteElo "2169"]
[BlackElo "2134"]
[Board "15.4"]
[WhiteTeam "COL"]
[BlackTeam "BLR"]
[WhiteFideId "4403312"]
[BlackFideId "13503863"]
[EventDate "2010.09.21"]
[EventType "team"]

1. e4 c5 2. Nf3 Nc6 3. d4 cxd4 4. Nxd4 g6 5. Nc3 Bg7 6. Be3 Nf6 7. Bc4 Qa5 8.
O-O O-O 9. Bb3 d6 10. h3 Bd7 11. f4 Nxd4 12. Bxd4 Bc6 13. Nd5 Rfe8 14. f5 Bxd5
15. exd5 Nd7 16. Bxg7 Kxg7 17. Qd4+ Ne5 18. Kh1 Rac8 19. Rae1 Qc5 20. Qf4 f6 21.
fxg6 hxg6 22. Re3 b5 23. Rg3 a5 24. a3 a4 25. Ba2 Rh8 26. c3 Rh5 27. Re1 Rch8
28. Qd2 Kf7 29. Bb1 R8h6 30. Re4 Kf8 31. Rxe5 dxe5 32. Bxg6 Rh4 33. Qd3 Rf4 34.
d6 exd6 35. Be4 Rh5 36. Bd5 Rg5 37. Rxg5 fxg5 38. Kh2 g4 39. hxg4 e4 40. Bxe4
Qe5 41. g3 Rxe4 0-1

[Event "39th Olympiad Women"]
[Site "Khanty-Mansiysk RUS"]
[Date "2010.09.28"]
[Round "7"]
[White "Perena, Catherine"]
[Black "Chumpitaz, Ann"]
[Result "1/2-1/2"]
[WhiteTitle "WFM"]
[BlackTitle "WFM"]
[WhiteElo "2103"]
[BlackElo "2150"]
[Board "16.2"]
[WhiteTeam "PHI"]
[BlackTeam "PER"]
[WhiteFideId "5202744"]
[BlackFideId "3804178"]
[EventDate "2010.09.21"]
[EventType "team"]

1. d4 Nf6 2. c4 g6 3. Nf3 Bg7 4. g3 O-O 5. Nc3 d6 6. Bg2 Nc6 7. O-O Bf5 8. Ne1
Bg4 9. h3 Bd7 10. Rb1 Qc8 11. h4 e5 12. d5 Ne7 13. e4 Nh5 14. Bf3 h6 15. Nd3 Bh3
16. Re1 f5 17. Kh2 Nf6 18. Kxh3 fxe4+ 19. Bg4 Nxg4 20. Qxg4 Qxg4+ 21. Kxg4 exd3
22. Be3 Nf5 23. Ne4 c6 24. Rbd1 cxd5 25. cxd5 Rac8 26. Rxd3 Rc2 27. Rb3 b6 28.
Kh3 Rd8 29. g4 Nd4 30. Bxd4 exd4 31. f4 Rd7 32. Kg3 Re7 33. Kf3 Rh2 34. Kg3 Rc2
35. a4 Kf8 36. a5 bxa5 37. Kf3 d3 38. Rxd3 Bxb2 39. f5 gxf5 40. gxf5 a4 41. Ree3
Rc4 42. Nxd6 Rxh4 43. Kg2 Rxe3 44. Rxe3 Rb4 45. Re8+ Kg7 46. Re7+ Kf6 47. Rxa7
Ke5 48. Nc8 Kxd5 49. Rxa4 Rxa4 50. Nb6+ Kc6 51. Nxa4 Bf6 52. Kh1 Kb5 53. Nc5 1/2-1/2

[Event "39th Olympiad Women"]
[Site "Khanty-Mansiysk RUS"]
[Date "2010.09.28"]
[Round "7"]
[White "Aliaga Fernandez, Ingrid Y"]
[Black "Cua, Shercila"]
[Result "1-0"]
[WhiteTitle "WFM"]
[BlackTitle "WFM"]
[WhiteElo "2134"]
[BlackElo "2099"]
[Board "16.3"]
[WhiteTeam "PER"]
[BlackTeam "PHI"]
[WhiteFideId "3802191"]
[BlackFideId "5202620"]
[EventDate "2010.09.21"]
[EventType "team"]

1. e4 e6 2. d4 d5 3. Nc3 Bb4 4. e5 b6 5. a3 Bxc3+ 6. bxc3 Ne7 7. Bd3 Ba6 8. Qg4
Bxd3 9. cxd3 Nf5 10. Nf3 c5 11. O-O Nd7 12. dxc5 bxc5 13. h4 h5 14. Qf4 Rb8 15.
a4 Qc7 16. d4 Rb3 17. Bd2 Nb6 18. dxc5 Qxc5 19. Nd4 Nxd4 20. cxd4 Qe7 21. Rfb1
Rxb1+ 22. Rxb1 O-O 23. Bb4 Qc7 24. Bxf8 Kxf8 25. Qc1 Qxc1+ 26. Rxc1 Nxa4 27.
Rc8+ Ke7 28. Rc7+ Kf8 29. Rxa7 Nc3 30. Kf1 g6 31. f3 Nb5 32. Ra4 Kg7 33. Kf2 Kh6
34. Ke3 g5 35. Ra5 Nc7 36. Ra7 Ne8 37. Rxf7 Kg6 38. Re7 Ng7 39. Rxg7+ Kxg7 40.
hxg5 Kg6 41. Kf4 Kg7 42. Kg3 Kh7 43. Kh4 Kg6 44. f4 1-0

[Event "39th Olympiad Women"]
[Site "Khanty-Mansiysk RUS"]
[Date "2010.09.28"]
[Round "7"]
[White "Jose, Rulp Ylem"]
[Black "Orbezo Rosales, Ximena Lucia"]
[Result "1-0"]
[WhiteElo "2039"]
[BlackElo "1836"]
[Board "16.4"]
[WhiteTeam "PHI"]
[BlackTeam "PER"]
[WhiteFideId "5205026"]
[BlackFideId "3807410"]
[EventDate "2010.09.21"]
[EventType "team"]

1. d4 Nf6 2. c4 c5 3. e3 g6 4. Nf3 d5 5. Nc3 Bg7 6. cxd5 Nxd5 7. Qb3 Nxc3 8.
bxc3 O-O 9. Be2 cxd4 10. cxd4 Nc6 11. O-O Qc7 12. Ba3 Be6 13. Qb2 Rfd8 14. Rac1
Qb6 15. Bc4 Bd5 16. Qe2 Qa5 17. Bb2 Rac8 18. Bxd5 Rxd5 19. e4 Rdd8 20. d5 Qxa2
21. dxc6 Rxc6 22. e5 Rb6 23. Rc2 Qe6 24. Bd4 Ra6 25. h3 f5 26. Rb1 Qd5 27. Rc5
Qe4 28. Qc4+ e6 29. Re1 Qf4 30. Rc8 Rxc8 31. Qxc8+ Bf8 32. Qxb7 Ra3 33. Qc8 1-0

[Event "39th Olympiad Women"]
[Site "Khanty-Mansiysk RUS"]
[Date "2010.09.28"]
[Round "7"]
[White "Reizniece, Dana"]
[Black "Leite, Catarina"]
[Result "0-1"]
[WhiteTitle "WGM"]
[BlackTitle "WIM"]
[WhiteElo "2318"]
[BlackElo "2183"]
[Board "17.1"]
[WhiteTeam "LAT"]
[BlackTeam "POR"]
[WhiteFideId "11601124"]
[BlackFideId "1901222"]
[EventDate "2010.09.21"]
[EventType "team"]

1. e4 e5 2. Nc3 Nc6 3. f4 exf4 4. Nf3 g5 5. h4 g4 6. Ng5 d5 7. Nxd5 h6 8. Nxf7
Kxf7 9. d4 Be6 10. Bc4 Na5 11. Bxf4 Nxc4 12. O-O Ke8 13. Nxc7+ Kd7 14. Nxe6 Kxe6
15. b3 Qxh4 16. g3 Qh5 17. bxc4 Rh7 18. Rb1 Rd7 19. Rb5 Qh3 20. Re5+ Kf7 21. Rf2
Rad8 22. c3 Bd6 23. Rh2 Bxe5 24. Bxe5 Qxh2+ 25. Kxh2 h5 26. Qf1+ Ke8 27. Qf5 Rf7
28. Qxh5 Rd7 29. Qxg4 Ne7 30. d5 Rh7+ 31. Kg2 Rf7 32. Bd4 Nc8 33. e5 Rg7 34.
Qh5+ Kf8 35. e6 Rh7 36. exd7 Rxh5 37. dxc8=Q+ Kf7 38. Qe6+ Kf8 39. Qf6+ Ke8 40.
Qg6+ Kd7 41. Qf7+ 0-1

[Event "39th Olympiad Women"]
[Site "Khanty-Mansiysk RUS"]
[Date "2010.09.28"]
[Round "7"]
[White "Coimbra, Margarida"]
[Black "Berzina, Ilze"]
[Result "0-1"]
[WhiteTitle "WFM"]
[BlackTitle "WGM"]
[WhiteElo "2090"]
[BlackElo "2283"]
[Board "17.2"]
[WhiteTeam "POR"]
[BlackTeam "LAT"]
[WhiteFideId "1901192"]
[BlackFideId "11601345"]
[EventDate "2010.09.21"]
[EventType "team"]

1. e4 e5 2. Nf3 Nc6 3. d4 exd4 4. Nxd4 Nf6 5. Nxc6 bxc6 6. e5 Nd5 7. Bd3 d6 8.
exd6 Bxd6 9. O-O Qh4 10. g3 Qh3 11. Re1+ Be6 12. c4 Nb4 13. Be4 O-O 14. a3 Bg4
15. f3 f5 16. fxg4 fxe4 17. axb4 Bxg3 18. Re2 Rad8 19. Nd2 Be5 20. Rg2 e3 21.
Ra3 Rf2 22. Rxf2 exf2+ 23. Kxf2 Bd4+ 24. Ke2 Re8+ 25. Ne4 Rxe4+ 26. Kd2 Qg2+ 27.
Kd3 Bf6 28. Be3 Re8 0-1

[Event "39th Olympiad Women"]
[Site "Khanty-Mansiysk RUS"]
[Date "2010.09.28"]
[Round "7"]
[White "Skinke, Katrina"]
[Black "Pintor, Ariana"]
[Result "1-0"]
[WhiteTitle "WIM"]
[BlackTitle "WFM"]
[WhiteElo "2217"]
[BlackElo "2110"]
[Board "17.3"]
[WhiteTeam "LAT"]
[BlackTeam "POR"]
[WhiteFideId "11602260"]
[BlackFideId "1902806"]
[EventDate "2010.09.21"]
[EventType "team"]

1. e4 c6 2. d4 d5 3. Nc3 dxe4 4. Nxe4 Bf5 5. Ng3 Bg6 6. Nf3 Nd7 7. h4 h6 8. Bd3
Bxd3 9. Qxd3 e6 10. Bd2 Ngf6 11. O-O-O Be7 12. c4 b5 13. Kb1 O-O 14. Bc1 bxc4
15. Qxc4 Qa5 16. Rhe1 Rab8 17. Nd2 Nb6 18. Qc2 Na4 19. Nb3 Qb6 20. Qc4 Bb4 21.
Re2 Nd5 22. Rc2 Rfc8 23. Ne4 Qd8 24. g3 a5 25. Qe2 Be7 26. Nec5 Nxc5 27. Nxc5
Nb4 28. Rc4 Rb5 29. a3 Nd5 30. Ka1 Rcb8 31. Qg4 Nf6 32. Qe2 Qd5 33. g4 Rd8 34.
g5 Ng4 35. Ne4 Ne5 36. Rc2 Qb3 37. dxe5 Rxd1 38. Qxd1 Bxa3 39. Nc3 Rxe5 40. bxa3
Rf5 41. gxh6 g6 42. Qd8+ 1-0

[Event "39th Olympiad Women"]
[Site "Khanty-Mansiysk RUS"]
[Date "2010.09.28"]
[Round "7"]
[White "Klinova, Masha"]
[Black "Tjolsen, Katrine"]
[Result "1-0"]
[WhiteTitle "IM"]
[BlackTitle "WIM"]
[WhiteElo "2303"]
[BlackElo "2259"]
[Board "18.1"]
[WhiteTeam "ISR"]
[BlackTeam "NOR"]
[WhiteFideId "2802015"]
[BlackFideId "1505793"]
[EventDate "2010.09.21"]
[EventType "team"]

1. e4 c5 2. Nf3 g6 3. c3 Bg7 4. d4 cxd4 5. cxd4 d5 6. e5 Bg4 7. Bb5+ Nc6 8. O-O
e6 9. Nbd2 Ne7 10. h3 Bxf3 11. Nxf3 Qb6 12. Bxc6+ Nxc6 13. b3 O-O 14. Bg5 h6 15.
Be3 Rfc8 16. Qd2 Kh7 17. h4 Qa5 18. Qe2 Nb4 19. Rfc1 Qa6 20. Qd2 Bf8 21. Ne1 Qb5
22. h5 a5 23. hxg6+ fxg6 24. a3 Nc6 25. Nd3 Nd8 26. Qd1 b6 27. Nf4 Qe8 28. Qg4
h5 29. Qh3 Rxc1+ 30. Rxc1 Ra7 31. Rc8 Qd7 32. Nxh5 gxh5 33. Qxh5+ Kg8 34. Qg5+
Qg7 35. Rxd8 Qxg5 36. Bxg5 Kf7 37. a4 Bb4 38. Rb8 Rc7 39. Bd8 Rc1+ 40. Kh2 Rc2
41. f3 Rd2 42. Bxb6 Bc3 43. Rb7+ Kg6 44. Re7 Bxd4 45. Bxd4 Rxd4 46. Rxe6+ Kf5
47. Ra6 Kxe5 48. Rxa5 Rd2 49. b4 Kd4 50. b5 Rb2 51. Ra8 Kd3 52. f4 Ke4 53. Kg3
d4 54. Re8+ Kd3 55. f5 Rb3 56. f6 Kc2+ 57. Kf2 d3 58. f7 d2 59. Re2 1-0

[Event "39th Olympiad Women"]
[Site "Khanty-Mansiysk RUS"]
[Date "2010.09.28"]
[Round "7"]
[White "Bjerke, Silje"]
[Black "Pitam, Ella"]
[Result "0-1"]
[WhiteTitle "WIM"]
[BlackTitle "WGM"]
[WhiteElo "2205"]
[BlackElo "2293"]
[Board "18.2"]
[WhiteTeam "NOR"]
[BlackTeam "ISR"]
[WhiteFideId "1502786"]
[BlackFideId "2802244"]
[EventDate "2010.09.21"]
[EventType "team"]

1. e4 e6 2. d4 d5 3. Nd2 c5 4. exd5 exd5 5. Ngf3 Nc6 6. Bb5 Bd6 7. dxc5 Bxc5 8.
O-O Ne7 9. Nb3 Bd6 10. Bg5 O-O 11. Bh4 Qb6 12. a4 Bg4 13. Bg3 Bxg3 14. hxg3 Rad8
15. Qd2 Bxf3 16. gxf3 Ne5 17. Qe2 Qf6 18. f4 N5g6 19. c3 Rd6 20. Qf3 Rb6 21. Nc5
Rd8 22. Nd7 Rxd7 23. Bxd7 Ne5 24. Qe3 Nxd7 25. Rfe1 Ng6 26. b4 h5 27. a5 Rc6 28.
Qxa7 Nxf4 29. Re8+ Kh7 30. Qe3 Nh3+ 31. Kg2 Rxc3 32. Qe2 Qf5 33. b5 Rc2 34. Qxc2
Qxc2 35. Kxh3 Qb2 36. Rae1 Qxb5 37. R8e7 Kg6 38. f4 Nf6 39. f5+ Kxf5 40. Rxf7
Kg6 41. Rfe7 d4 42. a6 bxa6 43. R1e6 Qf1+ 44. Kh2 d3 45. Rd6 d2 0-1

[Event "39th Olympiad Women"]
[Site "Khanty-Mansiysk RUS"]
[Date "2010.09.28"]
[Round "7"]
[White "Vasiliev, Olga"]
[Black "Reppen, Ellisiv"]
[Result "1-0"]
[WhiteTitle "WIM"]
[WhiteElo "2293"]
[BlackElo "1954"]
[Board "18.3"]
[WhiteTeam "ISR"]
[BlackTeam "NOR"]
[WhiteFideId "2807602"]
[BlackFideId "1504959"]
[EventDate "2010.09.21"]
[EventType "team"]

1. e4 e5 2. Nf3 Nc6 3. Bb5 a6 4. Ba4 Nf6 5. Qe2 Be7 6. O-O b5 7. Bb3 d6 8. c3
O-O 9. d4 Bg4 10. Rd1 Qc8 11. a4 Rb8 12. axb5 axb5 13. Be3 b4 14. Ba4 bxc3 15.
bxc3 Na5 16. Nbd2 Nxe4 17. Nxe4 f5 18. Qa2+ Kh8 19. Neg5 Bh5 20. dxe5 f4 21. Bc1
Bxg5 22. Nxg5 Qf5 23. Nf3 Bxf3 24. gxf3 Qh3 25. exd6 Rf5 26. Bxf4 Rxf4 27. dxc7
Rbf8 28. Rd8 Qxf3 29. c8=Q Rg4+ 30. Kf1 Qg2+ 31. Ke1 Qg1+ 32. Kd2 Qxf2+ 33. Kc1
Rg1+ 34. Bd1 Rxd1+ 35. Kxd1 Qf1+ 36. Kc2 Qe2+ 37. Kc1 Qe3+ 38. Qd2 Nb3+ 39. Kb2
Qxd2+ 40. Rxd2 1-0

[Event "39th Olympiad Women"]
[Site "Khanty-Mansiysk RUS"]
[Date "2010.09.28"]
[Round "7"]
[White "Khachatourian, Yerazik"]
[Black "Efroimski, Marsel"]
[Result "0-1"]
[BlackTitle "WFM"]
[WhiteElo "2025"]
[BlackElo "2244"]
[Board "18.4"]
[WhiteTeam "NOR"]
[BlackTeam "ISR"]
[WhiteFideId "12501948"]
[BlackFideId "2810964"]
[EventDate "2010.09.21"]
[EventType "team"]

1. e4 c6 2. d4 d5 3. Nd2 dxe4 4. Nxe4 Bf5 5. Ng3 Bg6 6. h4 h6 7. Nf3 Nd7 8. h5
Bh7 9. Bd3 Bxd3 10. Qxd3 e6 11. Bd2 Ngf6 12. O-O-O Be7 13. c4 O-O 14. Qe2 Qc7
15. Ne5 c5 16. Nxd7 Qxd7 17. dxc5 Qc6 18. Rh4 Rac8 19. Ne4 Nd7 20. Rh3 Nxc5 21.
Nc3 Bf6 22. g4 Rfd8 23. f4 Bxc3 24. Bxc3 Rxd1+ 25. Qxd1 Ne4 26. Qd4 Nxc3 27.
Rxc3 Qh1+ 28. Qd1 Qe4 29. Qf1 Rd8 30. b3 Qd4 31. Kb2 Qf6 32. Qc1 Rd4 33. g5 hxg5
34. fxg5 Qe5 35. h6 Rh4 36. g6 Rh2+ 37. Kb1 Qe4+ 38. Rc2 Rh1 39. h7+ Kh8 40.
Qxh1 Qxh1+ 0-1

[Event "39th Olympiad Women"]
[Site "Khanty-Mansiysk RUS"]
[Date "2010.09.28"]
[Round "7"]
[White "Vega Gutierrez, Sabrina"]
[Black "Nasriddinzoda, Marvorii"]
[Result "1/2-1/2"]
[WhiteTitle "WGM"]
[WhiteElo "2368"]
[BlackElo "1943"]
[Board "19.1"]
[WhiteTeam "ESP"]
[BlackTeam "TJK"]
[WhiteFideId "2219026"]
[BlackFideId "14700395"]
[EventDate "2010.09.21"]
[EventType "team"]

1. e4 e5 2. d4 Qe7 3. dxe5 Qxe5 4. Bd3 Bc5 5. Nf3 Qe7 6. O-O d6 7. Nc3 Bg4 8. h3
Bh5 9. Nd5 Qd8 10. b4 Bb6 11. Bb2 f6 12. a4 c6 13. Nf4 Bf7 14. a5 Bc7 15. Nd4
Qd7 16. Re1 Ne7 17. Nf5 Kf8 18. Qg4 Rg8 19. Nd4 Qxg4 20. hxg4 Bd8 21. Nde6+ Ke8
22. g5 Nd7 23. Nxg7+ Rxg7 24. gxf6 Rg4 25. fxe7 Bxe7 26. g3 Ne5 27. Be2 Rg8 28.
Nd3 Ng4 29. Bf3 Be6 30. a6 b6 31. Nf4 Bc4 32. e5 d5 33. b5 Bxb5 34. Nxd5 cxd5
35. Bxd5 Kd7 36. f3 Bc5+ 37. Kh1 Ne3 38. Bxa8 Rxa8 39. Ba3 Nxc2 40. Red1+ Ke7
41. Bxc5+ bxc5 42. Ra5 Be2 43. Rc1 Bxf3+ 44. Kh2 Nd4 45. Raxc5 Ne6 46. Rc8 Rxc8
47. Rxc8 Kd7 48. Rh8 Be4 49. Kh3 Nc5 50. Rg8 Nxa6 51. Rg7+ Ke6 52. Rxa7 Nc5 53.
Kg4 Kxe5 54. Kg5 Ne6+ 55. Kh6 Kf6 56. g4 Bg6 57. Rxh7 1/2-1/2

[Event "39th Olympiad Women"]
[Site "Khanty-Mansiysk RUS"]
[Date "2010.09.28"]
[Round "7"]
[White "Antonova, Nadezhda"]
[Black "Vega Gutierrez, Belinda"]
[Result "0-1"]
[BlackTitle "WFM"]
[WhiteElo "1838"]
[BlackElo "2233"]
[Board "19.2"]
[WhiteTeam "TJK"]
[BlackTeam "ESP"]
[WhiteFideId "14700182"]
[BlackFideId "2229994"]
[EventDate "2010.09.21"]
[EventType "team"]

1. d4 d5 2. c4 dxc4 3. Nf3 Nf6 4. e3 Bg4 5. Bxc4 e6 6. O-O Nbd7 7. h3 Bh5 8. Nc3
Bb4 9. Be2 O-O 10. Qb3 c5 11. dxc5 Qa5 12. c6 bxc6 13. Bd2 Rab8 14. Qc2 Bg6 15.
Bd3 Bxd3 16. Qxd3 Rfd8 17. Qc2 Ne5 18. Nd4 Qa6 19. a3 Bf8 20. b4 c5 21. b5 Qd6
22. Nb3 Qd3 23. Rfc1 Rd7 24. Be1 Qg6 25. Qxg6 hxg6 26. Rc2 Nd3 27. Na5 Nd5 28.
a4 N5b4 29. Re2 Nxe1 30. Raxe1 Rbd8 31. Nc6 Nxc6 32. bxc6 Rc7 33. Rd1 Rxd1+ 34.
Nxd1 Rxc6 35. Rb2 c4 36. Kf1 c3 37. Rc2 Bb4 38. Ke2 Ba5 39. f3 Bb4 40. Kd3 Ra6
41. Nxc3 Bxc3 42. Rxc3 Rxa4 43. Rc8+ Kh7 44. Ra8 g5 45. Kc3 Ra3+ 46. Kb4 Rxe3
47. Rxa7 Kg6 48. Ra2 Kf5 49. Kc4 Kf4 50. Ra7 f6 51. Rxg7 Re2 52. Re7 Ke5 53. g3
Re3 54. Rd7 Rxf3 55. Rd3 Rxd3 56. Kxd3 f5 57. Ke3 f4+ 58. Kf3 fxg3 59. Kxg3 Kf5
60. Kf3 e5 61. Ke3 e4 0-1

[Event "39th Olympiad Women"]
[Site "Khanty-Mansiysk RUS"]
[Date "2010.09.28"]
[Round "7"]
[White "Llaneza Vega, Patricia"]
[Black "Muhtojzoda, Asila"]
[Result "1-0"]
[WhiteTitle "WIM"]
[WhiteElo "2207"]
[BlackElo "1696"]
[Board "19.3"]
[WhiteTeam "ESP"]
[BlackTeam "TJK"]
[WhiteFideId "2212676"]
[BlackFideId "14700263"]
[EventDate "2010.09.21"]
[EventType "team"]

1. e4 c5 2. Nf3 d6 3. d4 cxd4 4. Nxd4 Nf6 5. Nc3 a6 6. Be3 Nc6 7. f3 e5 8. Nb3
Be7 9. Qd2 Be6 10. Nd5 Bxd5 11. exd5 Nb8 12. g4 Nbd7 13. g5 Nh5 14. O-O-O Rc8
15. Bh3 Qc7 16. Kb1 Nf4 17. Bxf4 exf4 18. Rhe1 Rd8 19. Qxf4 Ne5 20. Qa4+ Kf8 21.
Qe4 Bxg5 22. f4 Bh4 23. fxe5 Bxe1 24. e6 Bc3 25. bxc3 Re8 26. c4 a5 27. c5 h5
28. Qf4 Rd8 29. cxd6 Rxd6 30. exf7 a4 31. Re1 1-0